| 000 | 00670nam a2200229 i 4500 | ||
|---|---|---|---|
| 001 | 95115 | ||
| 003 | ES-MaACL | ||
| 007 | t| | ||
| 008 | 050523s1985 sp ||||1| spa d | ||
| 020 | _a84-323-0524-6 | ||
| 100 | 1 |
_aLukes, Steven. _974725 |
|
| 245 | 1 | 3 |
_aEl poder _b: un enfoque radical / _cpor Steven Lukes; traducción de Jorge Deike. |
| 250 | _a[1ª ed]. | ||
| 260 |
_aMadrid : _bSiglo Veintiuno, _c1985. |
||
| 300 |
_a85 p. ; _c18 cm. |
||
| 490 | 1 | _aSociología y política | |
| 504 | _aBibliografía. | ||
| 700 | 1 |
_aDoike, Jorge. _945003 |
|
| 830 | 0 |
_aSociología y política _9178818 |
|
| 852 |
_aES-MaACL _jL-9569 _bR.110598 |
||
| 999 |
_c95115 _d95115 |
||